[Event "BCF-chT3S 1213 (4NCL)"]
[Site "England"]
[Date "2012.11.04"]
[Round "2.80"]
[White "Woodruff, David G"]
[Black "Reuben, Stewart"]
[Result "0-1"]
[WhiteElo "1590"]
[BlackElo "2045"]
[PlyCount "65"]
[EventDate "2012.11.03"]
[EventType "team-swiss"]
[EventRounds "6"]
[EventCountry "ENG"]
[SourceTitle "EXT 2014"]
[Source "ChessBase"]
[SourceDate "2013.11.20"]
[SourceVersion "1"]
[SourceVersionDate "2013.11.20"]
[SourceQuality "1"]
[WhiteTeam "Bristol II"]
[BlackTeam "FCA Solutions"]
[WhiteTeamCountry "ENG"]
[BlackTeamCountry "ENG"]

1. c4 c5 2. Nc3 g6 3. g3 Bg7 4. Bg2 Nc6 5. e3 d6 6. Nge2 Nh6 7. 0-0 Nf5 8. b3 Bd7 9. Bb2 Rb8 10. a3 a6 11. Qc2 0-0 12. Rad1 b5 13. cxb5 axb5 14. Na2 e5 15. f4 Qb6 16. Kh1 Nce7 17. Nac1 Bc6 18. e4 Nd4 19. Nxd4 cxd4 20. Nd3 Rfc8 21. Nb4 Bb7 22. Qd3 f5 23. Rc1 d5 24. exd5 e4 25. Qe2 Nxd5 26. Na2 d3 27. Qe1 Bxb2 28. Rxc8+ Rxc8 29. a4 Rc2 30. Qf2 Qxf2 31. Rxf2 Bd4 32. Rf1 Rxa2 33. h3 0-1

[Event "BCF-chT3 1112 (4NCL)"]
[Site "England"]
[Date "2012.05.06"]
[Round "10.248"]
[White "Larter, Nick J"]
[Black "Woodruff, David G"]
[Result "1/2-1/2"]
[WhiteElo "1798"]
[BlackElo "1607"]
[PlyCount "132"]
[EventDate "2011.11.12"]
[EventType "team-swiss"]
[EventRounds "11"]
[EventCountry "ENG"]
[SourceTitle "EXT 2013"]
[Source "ChessBase"]
[SourceDate "2012.11.22"]
[SourceVersion "1"]
[SourceVersionDate "2012.11.22"]
[SourceQuality "1"]
[WhiteTeam "Celtic Tigers II"]
[BlackTeam "Bristol III"]
[WhiteTeamCountry "ENG"]
[BlackTeamCountry "ENG"]

1. e4 d6 2. c4 Nf6 3. Nc3 g6 4. g3 Bg7 5. Bg2 e5 6. Nge2 0-0 7. 0-0 Nbd7 8. d3 c6 9. Rb1 a6 10. h3 b5 11. b3 Bb7 12. Ba3 Ne8 13. Qc2 Qb6 14. Bc1 Rd8 15. Be3 Qc7 16. cxb5 cxb5 17. Rbc1 Rc8 18. Qb2 Qb8 19. b4 Nef6 20. Qb3 Ba8 21. Kh2 Nb6 22. f4 Nfd7 23. f5 Kh8 24. Rf2 Qb7 25. Rcf1 f6 26. fxg6 hxg6 27. Qe6 Qb8 28. Qg4 Kh7 29. Qh4+ Kg8 30. Bh6 Rce8 31. Bxg7 Kxg7 32. Qg4 Qd8 33. Ng1 Qe7 34. Nf3 Qe6 35. Qxe6 Rxe6 36. h4 d5 37. exd5 Nxd5 38. Nxd5 Bxd5 39. Ng5 Rd6 40. Bxd5 Rxd5 41. Ne6+ Kf7 42. Nxf8 Kxf8 43. Rxf6+ Nxf6 44. Rxf6+ Kg7 45. Rxa6 Rxd3 46. Kg2 Kf7 47. a3 e4 48. Rb6 Rxa3 49. Rxb5 Kf6 50. g4 Rb3 51. h5 gxh5 52. gxh5 Rb2+ 53. Kg3 e3 54. Kf3 e2 55. Kf2 Kg7 56. Rb6 Kh7 57. h6 Rc2 58. b5 Rb2 59. Ke1 Ra2 60. Re6 Rb2 61. b6 Kh8 62. Kf2 Kh7 63. Ke1 Kh8 64. Re8+ Kh7 65. Re7+ Kxh6 66. b7 Kg6 1/2-1/2

[Event "BCF-chT3 1011 (4NCL)"]
[Site "England"]
[Date "2011.05.02"]
[Round "11.44"]
[White "Hilton, Tim"]
[Black "Woodruff, David G"]
[Result "1-0"]
[WhiteElo "1522"]
[BlackElo "1609"]
[PlyCount "47"]
[EventDate "2010.11.06"]
[EventType "team-swiss"]
[EventRounds "9"]
[EventCountry "ENG"]
[SourceTitle "EXT 2012"]
[Source "ChessBase"]
[SourceDate "2011.11.24"]
[SourceVersion "1"]
[SourceVersionDate "2011.11.24"]
[SourceQuality "1"]
[WhiteTeam "3CS Oldham II"]
[BlackTeam "Bristol III"]
[WhiteTeamCountry "ENG"]
[BlackTeamCountry "ENG"]

1. d4 Nf6 2. c4 g6 3. f3 d5 4. cxd5 Nxd5 5. e4 Nf6 6. Be3 Bg7 7. Bc4 e6 8. Ne2 0-0 9. Nbc3 Nc6 10. Qd2 a6 11. h4 b5 12. Bb3 Na5 13. h5 Nxh5 14. g4 Nf6 15. Bh6 Nxb3 16. axb3 Re8 17. Bxg7 Kxg7 18. e5 Nd5 19. Qh6+ Kg8 20. Ne4 Bb7 21. Ng5 Qd7 22. Nxh7 Qe7 23. Nf6+ Nxf6 24. Qh8# 1-0

[Event "BCF-chT3 0910 (4NCL)"]
[Site "England"]
[Date "2010.05.01"]
[Round "9.4"]
[White "Langham, Rod E"]
[Black "Woodruff, David G"]
[Result "1/2-1/2"]
[WhiteElo "1786"]
[BlackElo "1666"]
[PlyCount "110"]
[EventDate "2009.10.24"]
[EventType "team-tourn"]
[EventRounds "11"]
[EventCountry "ENG"]
[SourceTitle "EXT 2011"]
[Source "ChessBase"]
[SourceDate "2010.11.26"]
[SourceVersion "1"]
[SourceVersionDate "2010.11.26"]
[SourceQuality "1"]
[WhiteTeam "Oxford III"]
[BlackTeam "Bristol III"]
[WhiteTeamCountry "ENG"]
[BlackTeamCountry "ENG"]

1. d4 Nf6 2. Bg5 g6 3. Bxf6 exf6 4. e3 Bg7 5. Nf3 0-0 6. Nbd2 d5 7. c4 c6 8. cxd5 Qxd5 9. Bc4 Qa5 10. 0-0 Qb4 11. b3 Nd7 12. a3 Qe7 13. b4 Nb6 14. Bb3 Be6 15. Rc1 a5 16. Bxe6 fxe6 17. Qb3 axb4 18. axb4 Ra4 19. Rb1 Rfa8 20. b5 Ra3 21. Qc2 Nd5 22. bxc6 Nb4 23. Qb2 Nxc6 24. Qxb7 R3a6 25. Qxe7 Nxe7 26. Rb7 Nd5 27. Rfb1 h5 28. Rb8+ Rxb8 29. Rxb8+ Kh7 30. g3 g5 31. h3 Kg6 32. Kg2 Nc3 33. Rb3 Ne2 34. Ng1 Nxg1 35. Kxg1 Rc6 36. Rb1 f5 37. Nf3 Kf6 38. Ne5 Rc2 39. Kf1 f4 40. Rb7 Kf5 41. g4+ hxg4 42. hxg4+ Ke4 43. Rxg7 fxe3 44. fxe3 Kxe3 45. Rxg5 Kxd4 46. Nf3+ Ke4 47. Ne1 Rh2 48. Rg8 e5 49. g5 Kf5 50. g6 Kf6 51. Nf3 Rh6 52. Nxe5 Kxe5 53. g7 Kf6 54. Rh8 Kxg7 55. Rxh6 Kxh6 1/2-1/2

[Event "BCF-chT3 0910 (4NCL)"]
[Site "England"]
[Date "2010.02.21"]
[Round "6.4"]
[White "Woodruff, David G"]
[Black "Taylor, Geoffrey P"]
[Result "0-1"]
[WhiteElo "1666"]
[BlackElo "1962"]
[PlyCount "104"]
[EventDate "2009.10.24"]
[EventType "team-tourn"]
[EventRounds "11"]
[EventCountry "ENG"]
[SourceTitle "EXT 2011"]
[Source "ChessBase"]
[SourceDate "2010.11.26"]
[SourceVersion "1"]
[SourceVersionDate "2010.11.26"]
[SourceQuality "1"]
[WhiteTeam "Bristol III"]
[BlackTeam "Gloucestershire. Gambits"]
[WhiteTeamCountry "ENG"]
[BlackTeamCountry "ENG"]

1. c4 e5 2. Nc3 Nf6 3. g3 d5 4. cxd5 Nxd5 5. Bg2 Nb6 6. e3 Nc6 7. Nge2 Bc5 8. 0-0 0-0 9. a3 a5 10. b3 Bf5 11. Ne4 Be7 12. Bb2 Qd3 13. N2c3 Rad8 14. Bc1 Be6 15. f3 f5 16. Nf2 Qd7 17. Nb5 Bf6 18. Rb1 Ne7 19. a4 Nbd5 20. Qc2 c6 21. Nc3 Nb4 22. Qd1 Qc7 23. e4 g6 24. Rb2 Qb6 25. Kh1 Rd7 26. Qe2 Rfd8 27. Rd1 Nd3 28. Nxd3 Rxd3 29. Rf1 c5 30. Qf2 Nc6 31. Re1 Nb4 32. Bf1 R3d4 33. Nb5 Nd3 34. Bxd3 Rxd3 35. Re3 Qc6 36. Qe2 R3d7 37. Na7 Qb6 38. Nb5 h6 39. Rc3 Qc6 40. Na7 Qc7 41. Nb5 Qc8 42. Na3 b6 43. Nc4 Qb7 44. d3 g5 45. Ne3 fxe4 46. fxe4 Rxd3 47. Rxd3 Qxe4+ 48. Qg2 Qxg2+ 49. Kxg2 Rxd3 50. Nc4 Bd5+ 51. Kh3 h5 52. Ne3 Rxe3 0-1

[Event "BCF-chT3 0910 (4NCL)"]
[Site "England"]
[Date "2010.01.17"]
[Round "4.5"]
[White "Woodruff, David G"]
[Black "Dixit, Kumar"]
[Result "0-1"]
[WhiteElo "1666"]
[BlackElo "1450"]
[PlyCount "62"]
[EventDate "2009.10.24"]
[EventType "team-tourn"]
[EventRounds "11"]
[EventCountry "ENG"]
[SourceTitle "EXT 2011"]
[Source "ChessBase"]
[SourceDate "2010.11.26"]
[SourceVersion "1"]
[SourceVersionDate "2010.11.26"]
[SourceQuality "1"]
[WhiteTeam "Bristol III"]
[BlackTeam "AMCA Cheetahs"]
[WhiteTeamCountry "ENG"]
[BlackTeamCountry "ENG"]

1. c4 c6 2. Nc3 d5 3. cxd5 cxd5 4. e3 Bf5 5. Nge2 Nc6 6. g3 Nf6 7. Bg2 e6 8. 0-0 Nb4 9. a3 Bc2 10. axb4 Bxd1 11. Rxd1 Bxb4 12. Nd4 0-0 13. Ra4 Bxc3 14. bxc3 Qd7 15. Rb4 Rfc8 16. Ba3 e5 17. Nf3 e4 18. Ng5 Qg4 19. Rdb1 Qxg5 20. Rxb7 h5 21. Bd6 h4 22. Bf4 Qh5 23. h3 hxg3 24. fxg3 Qe2 25. R7b2 Rc6 26. Bf1 Qh5 27. Ra2 g5 28. Be5 g4 29. Bxf6 Rxf6 30. h4 Rf3 31. Kg2 Qe5 0-1

[Event "BCF-chT3 0910 (4NCL)"]
[Site "England"]
[Date "2009.10.24"]
[Round "1.4"]
[White "Ruthen, Stephen W"]
[Black "Woodruff, David G"]
[Result "1-0"]
[WhiteElo "2093"]
[BlackElo "1666"]
[PlyCount "117"]
[EventDate "2009.10.24"]
[EventType "team-tourn"]
[EventRounds "11"]
[EventCountry "ENG"]
[SourceTitle "EXT 2011"]
[Source "ChessBase"]
[SourceDate "2010.11.26"]
[SourceVersion "1"]
[SourceVersionDate "2010.11.26"]
[SourceQuality "1"]
[WhiteTeam "Iceni"]
[BlackTeam "Bristol III"]
[WhiteTeamCountry "ENG"]
[BlackTeamCountry "ENG"]

1. c4 Nf6 2. g3 g6 3. Bg2 Bg7 4. Nc3 0-0 5. e4 d6 6. Nge2 Nc6 7. d3 Bg4 8. f3 Bd7 9. 0-0 Nh5 10. Be3 Qc8 11. Qd2 Bh3 12. Rab1 e5 13. Nd5 Nf6 14. Bxh3 Qxh3 15. Nxc7 Rac8 16. Nb5 Rfd8 17. Nxa7 Nxa7 18. Bxa7 Bh6 19. Be3 Bxe3+ 20. Qxe3 Ra8 21. Nc3 Nd7 22. Ra1 Kg7 23. a4 Nc5 24. Ra3 f5 25. b4 Ne6 26. Ne2 Rd7 27. a5 Nd8 28. exf5 Qxf5 29. Qe4 Nc6 30. Qxf5 gxf5 31. Ra4 b6 32. a6 Rda7 33. b5 Nd8 34. Nc3 Ne6 35. Nd5 Rb8 36. f4 exf4 37. Nxf4 Nc5 38. Ra3 Kf6 39. Nd5+ Kg6 40. g4 fxg4 41. Rf6+ Kg5 42. Rxd6 Rf7 43. a7 Ra8 44. Nxb6 Raxa7 45. Rxa7 Rxa7 46. Rd5+ Kf4 47. Rxc5 Ra1+ 48. Kf2 Ra2+ 49. Ke1 Rxh2 50. Nd5+ Kf3 51. Rc7 g3 52. Rf7+ Kg4 53. Ne3+ Kg5 54. b6 h5 55. b7 Rb2 56. Rf5+ Kg6 57. Rb5 g2 58. Nxg2 Rxg2 59. b8Q 1-0